000 01244nam2a2200253 i 4500
001 RU\NLR\BIBL_A\010356726
005 20240729025515.0
010 _a9785802117071
_950
021 _aRU
_b2014-17588
_91107
035 _a(NLR Aleph) 010356726
090 _a10765147
_c10765147
100 _a20140514d2013 u y0rusy50 ca
101 0 _arus
102 _aRU
105 _ay ||j||||||y
200 0 _aЧ. 2
210 _d2013
215 _a19 с.
320 _aБиблиогр.: с. 19
461 0 _1001RU\NLR\BIBL_A\010709804
_12000#$aИзучение микроструктуры органов и тканей рыб в условиях нормы и патологии. Ч. 2: учебное пособие$vЧ. 2
_1700#1$aМоисеева$bВ.П.
_99765276
_aМоисеева, В.П.
_cПетрозаводск
_d2013
_fВ.П. Моисеева, Л.Г. Курзыкина
_nИзд-во ПетрГУ
_oучебное пособие для студентов эколого-биологического факультета
_tИзучение микроструктуры органов и тканей рыб в условиях нормы и патологии
_vЧ. 2
942 _cBOOK
980 _aNBR